Tenencia y uso de la tierra en la América colonial española /
Enregistré dans:
| Auteur principal: | |
|---|---|
| Format: | Inconnue |
| Langue: | Spanish |
| Publié: |
La Habana, Cuba :
Ciencias Sociales,
1978.
|
| Sujets: | |
| Tags: |
Ajouter un tag
Pas de tags, Soyez le premier à ajouter un tag!
|
MARC
| LEADER | 000000000a22000000004500 | ||
|---|---|---|---|
| 001 | 005238 | ||
| 041 | 0 | |a spa | |
| 082 | 0 | 4 | |a 333.323 |b D542t |
| 100 | 1 | |a Díaz López, Carlos | |
| 245 | 1 | 0 | |a Tenencia y uso de la tierra en la América colonial española / |c Carlos Díaz López. |
| 260 | 1 | |a La Habana, Cuba : |b Ciencias Sociales, |c 1978. | |
| 300 | |a 63 páginas | ||
| 500 | |a Tomado de Tenencia y uso de la tierra en la América colonial española, publicación de la Escuela de Historia de la Universidad de la Habana, La Habana, 1975 | ||
| 650 | 4 | |a TENENCIA DE LA TIERRA | |
| 650 | 4 | |a USO DE LA TIERRA | |
| 999 | |c 10992 |d 10992 | ||
| 942 | |c BK |h 333.323 D542t |2 z | ||
